00480nam a2200193 a 4500001001300000003000900013005001700022008004100039020001000080082001700090100001800107245002200125260004300147300000900190500003500199505001000234650002400244700001800268nice12345678IN_TiNIC20260116013353.0050524s1926 illa grp 000 0 eng  ac10000a284.133bDRA aDrach, George aOur Church Abroad aIllinoisbAugustana Book Concernc1926 a277p aincludes index and biblioraphy2 aIndex aLutheran Church-Usa1 aDrach, George